| Tag |
First Indicator |
Second Indicator |
Subfields |
| LEADER |
00000cam a22000004a 4500 |
| 001 |
in00001692003 |
| 005 |
20151024134516.0 |
| 008 |
011025s2002 nyua b 001 0 eng |
| 010 |
|
|
|a 2001048856
|
| 020 |
|
|
|a 0766840611 (pbk.)
|
| 035 |
|
|
|a (OCoLC)ocm48256712
|
| 040 |
|
|
|a DLC
|c DLC
|d TXA
|d UtOrBLW
|
| 042 |
|
|
|a pcc
|
| 049 |
|
|
|a TXAM
|
| 050 |
0 |
0 |
|a LB1139.35.P55
|b W45 2002
|
| 082 |
0 |
0 |
|a 372.13/84
|2 21
|
| 100 |
1 |
|
|a Wellhousen, Karyn.
|
| 245 |
1 |
0 |
|a Outdoor play, every day :
|b innovative play concepts for early childhood /
|c Karyn Wellhousen.
|
| 264 |
|
1 |
|a Albany, NY :
|b Delmar/Thomson Learning,
|c [2002]
|
| 264 |
|
4 |
|c ©2002
|
| 300 |
|
|
|a xiv, 274 pages :
|b illustrations ;
|c 23 cm.
|
| 336 |
|
|
|a text
|b txt
|2 rdacontent
|
| 337 |
|
|
|a unmediated
|b n
|2 rdamedia
|
| 338 |
|
|
|a volume
|b nc
|2 rdacarrier
|
| 504 |
|
|
|a Includes bibliographical references and index.
|
| 650 |
|
0 |
|a Play.
|
| 650 |
|
0 |
|a Early childhood education
|x Activity programs.
|
| 650 |
|
0 |
|a Outdoor recreation for children.
|
| 948 |
|
|
|a cataloged
|b h
|c 2002/6/24
|d c
|e cmulkey
|f 2:26:57 pm
|
| 994 |
|
|
|a E0
|b TXA
|
| 999 |
|
|
|a MARS
|
| 999 |
f |
f |
|s b57951e0-08aa-3a6b-b2fe-aa0fe96bc41a
|i b84f3b5f-d5a9-36d0-a2a8-25f1ae04b1bc
|t 0
|
| 952 |
f |
f |
|p normal
|a Texas A&M University
|b College Station
|c Sterling C. Evans Library
|d Evans: Library Stacks
|t 0
|e LB1139.35.P55 W45 2002
|h Library of Congress classification
|i unmediated -- volume
|m A14829184030
|
| 998 |
f |
f |
|a LB1139.35.P55 W45 2002
|t 0
|l Evans: Library Stacks
|